000 00890nam a2200289Ia 4500
003 OSt
005 20221005065203.0
006 a|||||r|||| 00| 0
007 ta
008 221004b |||||||| |||| 00| 0 eng d
020 _a0631211128
_c1347.15
024 _a81928
037 _b705, 30/03/2005, Bhartiya Sahitya Bhawan
_cTextual
040 _aCRL
_cCRL
_beng
041 _2eng
_aeng
082 _aW6910aY:6, P5
100 _aOutwaite William
_9604528
245 0 _aSocial theory and postcommunism
260 _aMassachusetts
_bBlackwell Publishing U. S. A.
_c2005
300 _a256p.
_ccm.
650 _a COMMUNISM
650 _a POLITICAL SCIENCE
650 _aPOSTMODERNISM
_913226
700 _a Ray Larry
_9266407
942 _hW6910aY:6, P5
_cTEXL
_2cc
999 _c974137
_d974137